| 000 | 00913nam a22002417a 4500 | ||
|---|---|---|---|
| 999 |
_c16036 _d16036 |
||
| 003 | AR-CdUCM | ||
| 008 | 190430b ||||| |||| 00| 0 spa d | ||
| 040 |
_aMUNICIPALIDAD PROVINCIAL DEL CUSCO _cBIBLIOTECA MUNICIPAL DEL CUSCO |
||
| 082 |
_a346.207 / _bL41 |
||
| 100 |
_aLacroix, Jean _923846 |
||
| 245 | _aFuerza y debilidades de la familia / | ||
| 260 |
_aBarcelona : _bFontanella, _c1962. |
||
| 300 |
_a164 páginas ; _c19.5 cm. |
||
| 440 |
_aCondición humana ; _n2 _935310 |
||
| 505 | _aContenido: El asesinato del padre -- La entrega, fundamento del ser familiar -- Familia y educación -- Familia y sociabilidad: de la familia cerrada a la familia abierta ... | ||
| 650 |
_aFamilia _92366 |
||
| 650 |
_aSer familiar _935311 |
||
| 650 |
_aPaternidad _935312 |
||
| 650 |
_aVinculo social _935313 |
||
| 700 |
_aToro Trallero, José (traductor) _935314 |
||
| 942 |
_2ddc _cLIBROS |
||
| 945 |
_aacv _d2019-04-30 |
||